00840nam a22001697a 4500003000900000008004100009020001800050040007100068082001500139100001600154245004200170260003400212300007300246440006100319505027500380650001500655AR-CdUCM190319b ||||| |||| 00| 0 spa d a84-205-0425-4 aMUNICIPALIDAD PROVINCIAL DEL CUSCOcBIBLIOTECA MUNICIPAL DEL CUSCO a541 /bG26 aGarrido, J. aForma y Estructura de los Cristales / aEspaña :bAlhambra ;c1973. a278 páginas ;bDiagramas, tablas, ilustraciones, fórmulas c20cm aColección Exedra - Ciencia Técnica Ingeniería n81 aContenido: Propiedades de la forma -- Características de la formas cristalinas -- Características de las estructuras cristalinas -- Relaciones entre la forma y la estructura de los cristales -- Influencia de los agentes exteriores sobre la forma de los cristales... aQuímica